Who Did Bill & Ted Bring Back? - Statistics

General Stats
  • This quiz has been taken 44 times
  • The average score is 7 of 8
Answer Stats
Picture Answer % Correct
Abraham Lincoln
100%
Joan of Arc
94%
Ludwigh van Beethoven
87%
Napoleon Bonaparte
87%
Socrates
87%
Billy the Kid
84%
Genghis Khan
84%
Sigmund Freud
77%
No matching quizzes found
Score Distribution
Percent of People with Each Score
Percentile by Number Answered
Your Score History
You have not taken this quiz